000 01053nam a22003377a 4500
001 BR9800071
003 BR-BrBNA
005 20230928095757.0
007 ta
008 230509b bl.||||| |||| 00| 0 por d
040 _aBR-BrBNA
_bpor
_cBiblioteca Nacional de Agricultura
041 _a(Por)
072 _aF02; H20
_b1112
090 _ 1112 BR9800071
100 1 _aKido, L.M.H.
110 1 _aUniversidade Federal Rural de Pernambuco, Recife (Brasil)
_0Tese (Mestre em Botanica)
245 1 _aSelecao "in vitro" de mutantes de banana maca tolerantes a toxina de Fusarium oxysporum f. sp. cubense (Smith)SN et H.
260 3 _aRecife, PE (Brasil):
_c1995.
300 _a138 p.
500 _aSummaries (Eng, Por); 23 illus.; 6 tables; Bibliography p. 111-126
650 _aBanana Maca
650 _aCultura In Vitro
650 _aMutacao Induzida
650 _aDoenca de Planta
650 _aMal do Panama
650 _aEletroforese
650 _aToxina
650 _aClone
909 _a202309
_bLucia
_c55
_dLucia Elande
942 _cBK
999 _c58599
_d58599